Movies Quiz

Random Movies or Disney Quiz
Score 0/19 Timer 04:00
0 Plays Today
% Correct
Lotso
91.3%
Sid
89.9%
Prospector
89.9%
Bruce
88.4%
Ernesto de la Cruz
88.4%
Syndrome
88.4%
AUTO
88.4%
Charles Muntz
87%
Mr. Waternoose
87%
Chef Skinner
85.5%
% Correct
Hopper
85.5%
Gabby Gabby
84.1%
Jackson Storm
84.1%
Mor'du
84.1%
Chick Hicks
82.6%
Thunderclap
81.2%
Screenslaver
76.8%
Johnny Worthington
75.4%
Sir Miles Axelrod
73.9%
Remove Ads.
Support Sporcle.
Get the best of Sporcle when you Go Orange. This ad-free experience offers more features, more stats, and more fun while also helping to support Sporcle. Thank you for becoming a member.

You're not logged in!

Compare scores with friends on all Sporcle quizzes.
OR
Log In

Sporcle TV

Today on Sporcle TV


Watch our educational content, quiz creation guides, and fun videos on Sporcle TV.

Show Comments

Extras

Top Quizzes Today


Score Distribution

Paid Content

Your Account Isn't Verified!

In order to create a playlist on Sporcle, you need to verify the email address you used during registration. Go to your Sporcle Settings to finish the process.

Report this User

Report this user for behavior that violates our Community Guidelines.

Details: